1581 1542 1403 1480 1399 1323 1408 1973 1041 1564 1506 1697 1246 1400 1506 1155 1798 1033 1656 1173 1177 1699 1515 1810 1652 1756 1245 1566 1180 1171 1937 1774 1023 1936 1321 1734 1604 1083 1103 1675 1265 1914 1884 1003 1445 1751 1501 1116 1331 1204 1159 1150 1370 1883 1125 1229 1988 1903 1622 1936 1080 1449 1210 1105 1616 1194 1248 1539 1578 1093 1978 1094 1466 1836 1903 1155 1457 1564 1168 1209 1980 1559 1749 1848 1519 1029 1263 1462 1120 1817 1067 1006 1575 1192 1240 1527 1806 1448 1185 BCNSPRNW ULIB Ver.6.0+V

เปลี่ยนเป็นภาษาไทย

Change to English
 แสดงรายละเอียดบรรณานุกรม
  กลับหน้าหลัก

Brief Record : Get Marc (ISO 2709) : E-mail record : QR code < ปิดหน้าต่าง
LEADER : 00000nam 2200000uu 4500
001    13399124874
003     ULIB
008    160421s2557||||th 000 0 tha d
020    ^a9789747533866
060  4 ^aWG166^bช637ก
100 0  ^aชุลี โจนส์ (อุบลสัคคะ)
245 00 ^aกายภาพบำบัดระบบหายใจ : เทคนิคการตรวจร่างกายและการระบายเสมหะ/^bชุลี โจนส์
250    ^aพิมพ์ครั้งที่ 3
260    ^aขอนแก่น:^bคลังนานาวิทยา,^c2557
300    ^a213 หน้า : ภาพประกอบ , 26 ซม.
500    ^aการพยาบาลผู้ใหญ่
505 0  ^a1.อาการแสดงของโรคปอด--2.การสังเกต--3.การคลำ--4.การฟัง--5.การเคาะ--6.เสมหะและการกำจัดเสมหะ--7.หัตถการทางกายภาพบำบัดเพื่อระบายเสมหะ--8.เทคนิคการกำจัดเสมหะด้วยตนเอง--9.เทคนิคการกำจัดเสมหะด้วยอุปกรณ์
650  0 ^aระบบหายใจ- -โรค- -กายภาพบำบัด
650  0 ^aมหาวิทยาลัยขอนแก่น คณะเทคนิคการแพทย์
650  0 ู^aการตรวจร่างกาย
650  0 ^aการระบายเสมหะ
945    ^p300^l0^i23425
945    ^p300^l0^i23426
945    ^p300^l0^i23427
999    ^aทศพร เกษรทอง
รายการนี้ยังไม่มีแท็ก
คุณยังไม่ได้ล็อกอิน คุณสามารถมีกิจกรรมร่วมกับเว็บไซต์ได้ แต่ต้องล็อกอินก่อน ::
  ล็อกอิน

รายการสื่อสารสนเทศ

ลำดับที่ ประเภท เลขเรียก/บาร์โค้ด สถานที่ สถานะ
1. วิทยาศาสตร์การแพทย์ และสุขภาพ
วิทยาศาสตร์การแพทย์ และสุขภาพ
สถานะ=หนังสือเก่า
WG166 ช637ก ฉ.1 
  Barcode: 23425
ห้องสมุดวิทยาเขตนครสวรรค์
►ส่วนจัดเก็บหนังสือเก่า นว.
บนชั้น
  ขอยืม
2. วิทยาศาสตร์การแพทย์ และสุขภาพ
วิทยาศาสตร์การแพทย์ และสุขภาพ
สถานะ=หนังสือเก่า
WG166 ช637ก ฉ.2 
  Barcode: 23426
ห้องสมุดวิทยาเขตนครสวรรค์
►ส่วนจัดเก็บหนังสือเก่า นว.
บนชั้น
  ขอยืม
3. วิทยาศาสตร์การแพทย์ และสุขภาพ
วิทยาศาสตร์การแพทย์ และสุขภาพ
สถานะ=หนังสือเก่า
WG166 ช637ก ฉ.3 
  Barcode: 23427
ห้องสมุดวิทยาเขตนครสวรรค์
►ส่วนจัดเก็บหนังสือเก่า นว.
บนชั้น
  ขอยืม

รายการใกล้เคียง
    ผู้แต่ง [ชุลี โจนส์ (อุบลสัคคะ)]

    หัวเรื่อง [ระบบหายใจ- -โรค- -กายภาพบำบัด]
    หัวเรื่อง [มหาวิทยาลัยขอนแก่น คณะเทคนิคการแพทย์]
    หัวเรื่อง [การระบายเสมหะ]

BibComment


ยังไม่เคยถูกคอมเมนท์

คอมเมนท์ทรัพยากรรายการนี้
  คอมเมนท์: กายภาพบำบัดระบบห..


 Copyright 2026. Bcnsprnw @Library